| 000 | 00625nam a2200181Ia 4500 | ||
|---|---|---|---|
| 003 | GCL | ||
| 008 | 140319s9999 xx 000 0 ara d | ||
| 040 |
_aGCL / _cGCL |
||
| 082 | 0 | 4 |
_a810 _bع ت |
| 100 | 1 | _aعلى بن ابراهيم النملة | |
| 245 | 1 | 0 |
_aالتنصير فى الادبيات العربية / _cعلى بن ابراهيم النملة |
| 260 |
_aالرياض : _bجامعة الملك سعود ، _c1994 |
||
| 300 |
_a271 ص ؛ _c24 سم |
||
| 650 | 0 | 4 | _aالادب العربى |
| 650 | 0 | 4 | _aالادب العربى - السعودية |
| 650 | 0 | 4 | _aالتنصير فى الادب |
| 942 |
_2ddc _cBK |
||
| 999 |
_c7047 _d7047 |
||